000 00745nam a2200217Ia 4500
001 32737
003 IN-NITTTR
005 20251114233435.0
008 251113s9999||||xx |||||||||||||| ||eng||
040 _beng
040 _cIN-NITTTR
041 _aeng
082 _aQA75.5 .C65 2016eb
100 _aSilhavy, Radek
245 0 _aAutomation Control Theory Perspectives in Intelligent Systems :
_b Proceedings of the 5th Computer Science On-line Conference 2016 (CSOC2016), Vol 3 /
_cSilhavy, Radek, Senkerik, Roman, Oplatkova, Zuzana Kominkova, Silhavy, Petr, Prokopova, Zdenka
700 _a Oplatkova, Zuzana Kominkova
700 _a Prokopova, Zdenka
700 _a Senkerik, Roman
700 _a Silhavy, Petr
942 _2ddc
_cBK
999 _c35520
_d35520